00317nam a2200109Ia 4500008004100000041000800041100002100049245007100070260003100141300000800172700002700180250110s9999 xx 000 0 und d aeng aChothe Pratima.  aLandscape Design Proposal For Sajjangad Fort, Satara, Maharashtra. bBNCA M Arch LA, Punec2018 a28p aGuide Name: Adkar Neha